Estadísticas para 15 principales países con muertes de Covid-19 - 12 de mayo

Haz click aquí para intentar la prueba.

Estadísticas generales

  • Esta prueba ha sido intentada 4 veces
  • La puntuación promedio es 19 de 21

Estadísticas de respuestas

país% Correcto
Bélgica
100%
Brasil
100%
China
100%
España
100%
Estados Unidos
100%
Francia
100%
Italia
100%
Países Bajos
100%
Portugal
100%
Reino Unido
100%
Suecia
100%
Suecia
100%
Suiza
100%
Alemania
75%
Canadá
75%
Irán
75%
Irlanda
75%
México
75%
Turquía
75%
Dinamarca
50%
Ecuador
50%

Distribución de puntuación

Porcentaje por número respondido

Porcentaje de gente con cada puntuación

Historial de tus puntuaciones

No has intentado esta prueba.